000 00439 a2200157 4500
005 20250428150207.0
020 _a978-0-07-353022-2
082 _a658 JON
100 _aJONES, G .R .
245 _aContemporary Management
250 _a5th Ed.
260 _aBoston,
_bMcGraw - Hill & Irwin,
_c2008.
300 _axxxiii, 805p.: ill.; figure, picture, table,
_bglossary & index,
_c26cm.
700 _aGEORGE, J . M .
942 _2ddc
_cBKS
999 _c1725
_d1725